000 00786nam a22002657a 4500
003 CHAP
005 20220329134948.0
008 971013s r 00010 d
010 _a28738
011 _a29710
035 _a33821
040 _cCHAP
090 _aR-72
100 0 0 _aKostermans, André J. G. H.
_963775
245 _aNovelties in Ceylonese Lauraceae
500 _aSobretiro de : Ceylon J. Sci. Bio. Sci. 9 (2) : 50-57, 1971
590 _aBATCH-UPD
_b10
_c20130110
_lUCH01
_h2127
590 _aBATCH-UPD
_b10
_c20130410
_lUCH01
_h1437
590 _aBATCH-UPD
_b10
_c20130914
_lUCH01
_h0730
590 _aCONVERSION
_b10
_c20130109
_lUCH01
_h1316
650 1 4 _aBotánica
_xCeylán.
_914512
901 _aBK
942 _cREIMP
949 _aR-72
_bBC
_cR
_d-78558
_eTS1
_i33821
_si
999 _c28738
_d28738